Public policy challenges in rethinking public health : (Record no. 52739)

MARC details
000 -LEADER
fixed length control field 00693nam a2200217Ia 4500
005 - DATE AND TIME OF LATEST TRANSACTION
control field 20260429112156.0
008 - FIXED-LENGTH DATA ELEMENTS--GENERAL INFORMATION
fixed length control field 260429s9999||||xx |||||||||||||| ||und||
020 ## - INTERNATIONAL STANDARD BOOK NUMBER
International Standard Book Number 9789811296291
041 ## - LANGUAGE CODE
Language English
082 ## - DEWEY DECIMAL CLASSIFICATION NUMBER
Classification number 362.1962
Item number FIE
100 ## - MAIN ENTRY--PERSONAL NAME
Personal name Fierlbeck, Katherine A.
245 #0 - TITLE STATEMENT
Title Public policy challenges in rethinking public health :
Remainder of title comparative perspectives /
Statement of responsibility, etc Katherine A. Fierlbeck
250 ## - EDITION STATEMENT
Edition statement 1st ed.
260 ## - PUBLICATION, DISTRIBUTION, ETC. (IMPRINT)
Place of publication, distribution, etc New Jersey :
Name of publisher, distributor, etc World Scientific,
Date of publication, distribution, etc 2025.
300 ## - PHYSICAL DESCRIPTION
Extent xiv, 290 p.; hb
440 ## - SERIES STATEMENT/ADDED ENTRY--TITLE
Title World scientific series in global health economics and public policy
650 ## - SUBJECT ADDED ENTRY--TOPICAL TERM
Topical term or geographic name as entry element Public health
650 ## - SUBJECT ADDED ENTRY--TOPICAL TERM
Topical term or geographic name as entry element Public policy
700 ## - ADDED ENTRY--PERSONAL NAME
Personal name Berman, Peter
942 ## - ADDED ENTRY ELEMENTS (KOHA)
Koha item type Text Books
Holdings
Withdrawn status Lost status Damaged status Not for loan Collection code Home library Location Shelving location Date of Cataloging Source of acquisition Total Checkouts Full call number Barcode Date last seen Price effective from Koha item type
        Non-fiction CUTN Central Library CUTN Central Library Social Sciences 29/04/2026 Technical Bureau, New Delhi - Invoice No. TB3352 on 09-02-2026   362.1962 FIE 57858 29/04/2026 29/04/2026 Text Books